| 000 | 00916nam a2200289Ia 4500 | ||
|---|---|---|---|
| 001 | Z_1743 | ||
| 003 | CHAP | ||
| 008 | 220113s1999 xx 000 0 und d | ||
| 010 | _a164835 | ||
| 040 | _cCHAP | ||
| 090 | _aTesis B 1410 | ||
| 100 |
_aBenavides Negrete, Edgar _911523 |
||
| 245 |
_aConsumo y comportamiento ingestivo de vacas lecheras en pastoreo suplementadas con ensilado de maìz / _cpor Edgar Benavides Negrete y José Luis Camacho García |
||
| 260 |
_aChapingo, Méx. : _bEl autor, _c1999 |
||
| 300 | _a66 h. | ||
| 502 | _aTesis (Ing. Agr. Esp. en Zootecnia) -- UACH. Departamento de Zootecnia | ||
| 650 |
_aEnsilaje _937102 |
||
| 650 |
_aGanado lechero _xAlimentación _945238 |
||
| 650 |
_aGanado lechero _xPastoreo _945284 |
||
| 700 |
_aCamacho García, José Luis _917675 |
||
| 901 | _aTESIS B 1410 | ||
| 902 | _aM | ||
| 910 | _a1999 | ||
| 942 | _c2 | ||
| 942 | _c2 | ||
| 999 |
_c164835 _d164835 |
||